[Event "AUTO-INT-1418"]
[Site "http://www.queenalice.com/game.php?id=707774"]
[Date "2010.1.3"]
[Round "2"]
[White "Svolo"]
[Black "sphagnis"]
[Result "1-0"]
[WhiteElo "1841"]
[BlackElo "1657"]

1. e4 e5 2. Nf3 Qf6 3. d3 Nc6 4. Bg5 Qd6 5. Nc3 f6 6. Bd2 Nd4 7. Nd5 c6 8. Bb4
c5 9. Ba3 b5 10. c3 b4 11. cxb4 cxb4 12. Bxb4 Qc6 13. Rc1 Bxb4+ 14. Nd2 Qb7 15.
Nc7+ Kd8 16. Nxa8 Qxa8 17. a3 Ba5 18. b4 Bb6 19. Nf3 Ne7 20. Nxd4 Bxd4 21. Qh5
g6 22. Qf3 f5 23. Be2 Bb2 24. Rc2 Bxa3 25. O-O Bxb4 26. Rb1 Ba5 27. Rb5 Bb6 28.
Rxe5 Rf8 29. Qf4 Bd4 30. Rb5 Ke8 31. Rb8 Nd5 32. Rcxc8+ Ke7 33. Qg5+ Bf6 34.
Rxa8 Rxc8 35. Qxf6+ Nxf6 36. Rxc8 d6 37. Rc7+ Ke6 38. exf5+ Kxf5 39. Rxa7 h5 40.
Ra5+ d5 41. g3 g5 42. h3 g4 43. h4 Ke5 44. Kf1 Nd7 45. f4+ gxf3 46. Bxf3 Nf6 47.
Ke2 Kd4 48. Kd2 Ke5 49. Kc3 Kd6 50. d4 Kc7 51. Bxd5 Kb6 52. Rc5 Nd7 53. Kc4 Nf6
54. Rc6+ Kb7 55. Rxf6+ Kc7 56. g4 hxg4 57. h5 Kd7 58. h6 Ke7 59. Rg6 Kf8 60. h7
g3 61. h8=Q+ Ke7 62. Qh7+ Kd8 63. Rg8# 1-0

[Event "AUTO-INT-1418"]
[Site "http://www.queenalice.com/game.php?id=707775"]
[Date "2010.1.3"]
[Round "2"]
[White "sphagnis"]
[Black "Svolo"]
[Result "0-1"]
[WhiteElo "1642"]
[BlackElo "1800"]

1. e4 e5 2. Bc4 Nh6 3. Qf3 c6 4. d4 f6 5. dxe5 Qa5+ 6. Bd2 Qxe5 7. Bc3 Qg5 8.
Nh3 Qc1+ 9. Ke2 Qxc2+ 10. Nd2 d6 11. Rhc1 Qa4 12. Qh5+ g6 13. b3 Qxc4+ 14. Nxc4
gxh5 15. Bxf6 Rg8 16. Nf4 Nd7 17. Bg5 Nc5 18. h4 Nxe4 19. Kf1 Nxg5 20. Nxh5 Ne4
21. f3 Ng3+ 22. Nxg3 Rxg3 23. Re1+ Kd8 24. Rad1 d5 25. Ne5 Kc7 26. Kf2 Nf5 27.
Nf7 Bc5+ 28. Kf1 Ne3+ 29. Ke2 Rxg2+ 30. Kd3 Bf5+ 31. Kc3 Rc2# 0-1

[Event "AUTO-ADV-1530"]
[Site "http://www.queenalice.com/game.php?id=720511"]
[Date "2010.1.26"]
[Round "2"]
[White "Raimundo"]
[Black "Svolo"]
[Result "1-0"]
[WhiteElo "2060"]
[BlackElo "1827"]

1. d4 d5 2. c4 c6 3. Nc3 Nf6 4. e3 Bg4 5. Nf3 e6 6. h3 Bh5 7. cxd5 exd5 8. Be2
Be7 9. Qd3 Bg6 10. Qd2 Bb4 11. O-O Ne4 12. Qe1 O-O 13. Bd2 Nxd2 14. Qxd2 Qd6 15.
a3 Bxc3 16. bxc3 Nd7 17. Bd3 f5 18. Nh4 b5 19. a4 bxa4 20. Rxa4 Nb6 21. Rb4 Nd7
22. c4 dxc4 23. Rxc4 Nb6 24. Rc5 Qf6 25. Nxg6 hxg6 26. Rfc1 Rfc8 27. Ba6 Rc7 28.
Bb5 Nd7 29. Rxc6 Rxc6 30. Rxc6 Qe7 31. Rc7 Rd8 32. Qa2+ Kh7 33. Qxa7 Qb4 34.
Rxd7 Rxd7 35. Bxd7 Qd6 36. Qb7 Qe7 37. d5 Qd6 38. Qc6 Qe7 39. d6 Qe5 40. Be8 Qe6
41. Qd7 Qe5 42. Qd8 f4 43. Bf7 fxe3 44. Qh4+ 1-0

[Event "AUTO-ADV-1530"]
[Site "http://www.queenalice.com/game.php?id=720512"]
[Date "2010.1.26"]
[Round "2"]
[White "Svolo"]
[Black "Raimundo"]
[Result "0-1"]
[WhiteElo "1810"]
[BlackElo "2073"]

1. e4 c6 2. e5 e6 3. d4 d5 4. exd6 Bxd6 5. h4 Nf6 6. b3 O-O 7. Nf3 Nbd7 8. Bd3
b5 9. Qe2 a5 10. Ba3 Bxa3 11. Nxa3 b4 12. Nc4 Bb7 13. Nd6 Qc7 14. Nxb7 Qxb7 15.
g4 Nxg4 16. O-O h5 17. Ne5 Ndxe5 18. dxe5 Rfd8 19. Be4 Qc7 20. f4 Qb6+ 21. Kg2
Ne3+ 22. Kf3 Nxf1 23. Rxf1 g6 24. Bd3 a4 25. Bc4 Qd4 26. bxa4 Qc3+ 27. Bd3 Rxa4
28. Kg2 Rxa2 29. Rf3 b3 30. Bc4 Qxc2 31. Rf2 Qxe2 32. Bxe2 b2 33. Bc4 b1=Q 34.
Bxa2 Qe1 35. Bb3 Rd2 36. Rxd2 Qxd2+ 37. Kf1 Qd3+ 38. Kg1 Qxb3 39. Kf1 Qf3+ 0-1

[Event "AUTO-ADV-1530"]
[Site "http://www.queenalice.com/game.php?id=720515"]
[Date "2010.1.26"]
[Round "2"]
[White "andrevillares"]
[Black "Svolo"]
[Result "0-1"]
[WhiteElo "2007"]
[BlackElo "1803"]

1. d4 d5 2. c4 c6 3. Nc3 dxc4 4. a4 c5 5. d5 a6 6. e4 e5 7. Bxc4 Bd6 8. Nf3 h6
9. O-O Bg4 10. h3 Bxf3 11. Qxf3 Ne7 12. Be3 b6 13. Qg4 Ng6 14. h4 Qd7 15. Qg3
Qe7 16. h5 Nf4 17. Qxg7 Qf8 18. Qxf8+ Kxf8 19. Rfe1 Nxh5 20. g3 Nf6 21. Kg2 Nbd7
22. Rh1 Ng4 23. Rh4 Nxe3+ 24. fxe3 Nf6 25. Rah1 Kg7 26. g4 h5 27. gxh5 Kh6 28.
Rf1 Rh7 29. Rxf6+ Kg5 30. Rxd6 Kxh4 31. Be2 Rg8+ 32. Kh2 Rhg7 33. Bf3 Rg3 34.
Rf6 Rh3# 0-1

[Event "AUTO-ADV-1530"]
[Site "http://www.queenalice.com/game.php?id=720516"]
[Date "2010.1.26"]
[Round "2"]
[White "Svolo"]
[Black "andrevillares"]
[Result "0-1"]
[WhiteElo "1830"]
[BlackElo "2066"]

1. e4 Nf6 2. Nc3 d5 3. e5 d4 4. Na4 Nd5 5. Nf3 Bg4 6. h3 Bxf3 7. Qxf3 e6 8. b3
Nc6 9. Bb5 Qg5 10. Bxc6+ bxc6 11. Qe4 Be7 12. d3 Qg6 13. h4 Qxe4+ 14. dxe4 Nb4
15. Kd1 O-O-O 16. g3 d3 17. c3 Nc2 18. Rb1 Rd7 19. b4 Rhd8 20. Bd2 f5 21. f3 Na3
22. Rb2 Nc4 23. Rb3 Nxe5 24. Nc5 Bxc5 25. bxc5 Nxf3 26. Rb2 fxe4 27. g4 Rd5 28.
Be3 d2 29. h5 Rd3 30. Ke2 d1=Q+ 31. Rxd1 Rxd1 32. g5 Rh1 33. h6 gxh6 34. gxh6
Rh2+ 35. Bf2 Rd2+ 36. Rxd2 Nxd2 37. Ke3 Kd7 38. Be1 Nf1+ 39. Kxe4 Re2+ 40. Kf4
Rxe1 41. Kg5 Ng3 42. Kf6 Nh5+ 43. Kf7 Rf1+ 44. Kg8 Nf6+ 45. Kg7 Ke7 46. a4 Rg1+
0-1

[Event "AUTO-ADV-1530"]
[Site "http://www.queenalice.com/game.php?id=720519"]
[Date "2010.1.26"]
[Round "2"]
[White "Svolo"]
[Black "gedanix"]
[Result "0-1"]
[WhiteElo "1805"]
[BlackElo "2243"]

1. e4 e6 2. c3 c5 3. e5 Nc6 4. Nf3 d5 5. exd6 Nf6 6. Bb5 Bd7 7. h3 Bxd6 8. O-O
O-O 9. Na3 a6 10. Bxc6 Bxc6 11. Nc4 Bc7 12. Re1 Qd5 13. Nce5 Bxe5 14. Rxe5 Qd6
15. d4 Bxf3 16. Qxf3 cxd4 17. Bf4 dxc3 18. bxc3 Nd5 19. Rd1 Qc6 20. Re3 Nxe3 21.
Qxc6 bxc6 22. Bxe3 Rfd8 23. Rc1 Rab8 24. Rc2 Rb1+ 25. Kh2 e5 26. Bb6 Rxb6 27. f3
f6 28. g4 Rdb8 29. Kg3 Rb2 30. Rc1 Rxa2 31. c4 Rbb2 32. Rd1 g5 33. Rg1 Rh2 34.
c5 Raf2 0-1

[Event "AUTO-ADV-1530"]
[Site "http://www.queenalice.com/game.php?id=720520"]
[Date "2010.1.26"]
[Round "2"]
[White "gedanix"]
[Black "Svolo"]
[Result "1-0"]
[WhiteElo "2240"]
[BlackElo "1808"]

1. e4 e5 2. Nf3 d6 3. d4 f6 4. Bc4 Bg4 5. h3 Bxf3 6. gxf3 c6 7. Nc3 b5 8. Bb3
exd4 9. Ne2 c5 10. Bd5 Na6 11. Bc6+ Ke7 12. Bxa8 Qxa8 13. a4 bxa4 14. c3 dxc3
15. bxc3 Qc6 16. Rxa4 Qb6 17. Nf4 Nc7 18. Nd5+ Nxd5 19. Qxd5 a5 20. Qa2 f5 21.
Bg5+ Nf6 22. Rxa5 Kd8 23. O-O Be7 24. Rb1 Qc7 25. Ra8+ Kd7 26. Rxh8 h6 27. Qa8
Ke6 28. Rb7 Qc6 29. Rxe7+ Kxe7 30. Bxf6+ Kxf6 31. Qf8+ Kg6 32. Qxf5# 1-0

[Event "AUTO-INT-1426"]
[Site "http://www.queenalice.com/game.php?id=720523"]
[Date "2010.1.26"]
[Round "2"]
[White "Michihall"]
[Black "Svolo"]
[Result "0-1"]
[WhiteElo "1851"]
[BlackElo "1827"]

1. d4 d5 2. c4 c6 3. Nc3 e6 4. Nf3 dxc4 5. a4 Bb4 6. e3 Bxc3+ 7. bxc3 Nf6 8.
Bxc4 a5 9. O-O Nd5 10. Bxd5 Qxd5 11. Qe2 b6 12. c4 Ba6 13. Nd2 Qd8 14. Re1 Nd7
15. Qf3 Qc7 16. Ba3 Bb7 17. Ne4 f5 18. Nd6+ Ke7 19. Nb5+ c5 20. Qh3 Qd8 21. Qh4+
Kf8 22. Qxd8+ Rxd8 23. Bb2 Rg8 24. Rad1 Ke7 25. h3 Nf6 26. dxc5 bxc5 27. Bxf6+
gxf6 28. Na3 Be4 29. Rxd8 Rxd8 30. f3 Bc6 31. Nb5 Rd2 32. e4 f4 33. Rc1 Ra2 34.
Nc3 Ra3 35. h4 Bxa4 36. Nxa4 Rxa4 37. Kh2 h5 38. g3 fxg3+ 39. Kxg3 e5 40. f4
exf4+ 41. Kxf4 Ke6 42. Rc2 Rb4 43. Ra2 a4 44. Rc2 Rb3 45. Ra2 a3 46. Re2 Rb2 47.
Re1 a2 48. Ra1 Rc2 49. Kf3 Ke5 50. Ke3 Rxc4 51. Rxa2 Rxe4+ 52. Kf3 Rxh4 53. Kg3
Rg4+ 54. Kh3 f5 55. Re2+ Re4 56. Rg2 h4 57. Rc2 c4 58. Rc3 Kd4 59. Rf3 Re3 60.
Rxe3 Kxe3 61. Kxh4 c3 0-1

[Event "AUTO-INT-1426"]
[Site "http://www.queenalice.com/game.php?id=720524"]
[Date "2010.1.26"]
[Round "2"]
[White "Svolo"]
[Black "Michihall"]
[Result "1/2-1/2"]
[WhiteElo "1806"]
[BlackElo "1905"]

1. e4 e5 2. Nf3 Nc6 3. c3 Nf6 4. d3 Be7 5. b3 O-O 6. Be2 h6 7. h3 d5 8. Nbd2 a6
9. Bb2 Bd6 10. exd5 Nxd5 11. c4 Nf6 12. Qc1 Be6 13. Ne4 Re8 14. a3 Nxe4 15. dxe4
Qe7 16. b4 Qd8 17. c5 Be7 18. Nxe5 Nxe5 19. Bxe5 Bf6 20. Bc3 Bxc3+ 21. Qxc3 Bd7
22. Qc2 Bc6 23. Bd3 Qd4 24. O-O Bxe4 25. Bxe4 Rxe4 26. Rfd1 Qe5 27. Ra2 Re1+ 28.
Rxe1 Qxe1+ 29. Kh2 Re8 30. Qd3 Qe5+ 31. g3 Qe4 32. Qxe4 Rxe4 33. f3 Re3 34. Kg2
f5 35. Kf2 Rd3 1/2-1/2

[Event "AUTO-INT-1426"]
[Site "http://www.queenalice.com/game.php?id=720527"]
[Date "2010.1.26"]
[Round "2"]
[White "BOSQUES"]
[Black "Svolo"]
[Result "1/2-1/2"]
[WhiteElo "1912"]
[BlackElo "1844"]

1. d4 d5 2. c4 c6 3. e3 e6 4. c5 b5 5. b4 a5 6. Bd2 axb4 7. Bxb4 g6 8. Nf3 Bg7
9. Be2 Nf6 10. Ne5 O-O 11. Nc3 Bb7 12. a4 Ne4 13. O-O f6 14. Nxe4 fxe5 15. Nd6
Qe7 16. axb5 Rxa1 17. Qxa1 cxb5 18. Bxb5 Bc6 19. Qa4 Qd7 20. Bxc6 Qxc6 21. Ra1
Qxa4 22. Rxa4 exd4 23. exd4 Bxd4 24. Ra8 Nc6 25. Rxf8+ Kxf8 26. Ba3 Ke7 27. Nb5
Ba1 28. Kf1 d4 29. Ke2 Kd7 30. Kd3 e5 31. Nd6 Ke6 32. f3 g5 33. g4 Kd5 34. Ne4
h6 35. Nd2 Na5 36. Nf1 Nb3 37. Ng3 Nxc5+ 38. Bxc5 Kxc5 39. Nf5 Bb2 40. Nxh6 Bc1
41. Ng8 Kd6 42. h3 Ke6 43. Nh6 Kd5 44. Nf5 Bf4 45. h4 gxh4 46. Nxh4 Bg5 47. Ng6
Be3 48. Ne7+ Ke6 49. Nc6 Kd5 50. Nb4+ Kc5 51. Nc2 Bf4 52. Ne1 Bg5 53. Ng2 Kd5
1/2-1/2

[Event "AUTO-INT-1426"]
[Site "http://www.queenalice.com/game.php?id=720528"]
[Date "2010.1.26"]
[Round "2"]
[White "Svolo"]
[Black "BOSQUES"]
[Result "0-1"]
[WhiteElo "1858"]
[BlackElo "1898"]

1. e4 c5 2. c4 Nc6 3. Nf3 d6 4. Nc3 Nf6 5. d3 e5 6. Nd5 Be7 7. Nh4 Nxd5 8. cxd5
Nd4 9. Nf5 Bxf5 10. exf5 a6 11. Bd2 Nxf5 12. Bc3 O-O 13. g3 Bf6 14. Bg2 Re8 15.
Be4 Nd4 16. Bxd4 cxd4 17. O-O Bg5 18. h4 Bxh4 19. gxh4 Qxh4 20. Qf3 Qg5+ 21. Qg3
Qh5 22. Kg2 f5 23. Rh1 Qg6 24. Qxg6 hxg6 25. Bf3 Rac8 26. b4 b5 27. Rh3 Rc3 28.
Be2 Rec8 29. Bd1 Ra3 30. Kf1 Rcc3 31. Kg2 Rxd3 32. Rxd3 Rxd3 33. Rc1 Ra3 34. Bb3
a5 35. Rc6 a4 36. Bd1 Rxa2 37. Rb6 Rd2 38. Bg4 fxg4 39. Rxd6 a3 40. Ra6 a2 41.
Kg3 d3 42. Kxg4 Rxf2 43. d6 Rf7 44. Rxa2 Rd7 45. Rd2 Rxd6 46. Kg5 e4 47. Kf4 Rd4
48. Ke3 Rxb4 49. Rg2 Rc4 50. Rxg6 b4 51. Rb6 Kh7 52. Kd2 g6 0-1

[Event "QA-ANNIV-05"]
[Site "http://www.queenalice.com/game.php?id=723800"]
[Date "2010.2.1"]
[Round "3"]
[White "Svolo"]
[Black "jagvg"]
[Result "0-1"]
[WhiteElo "1805"]
[BlackElo "2302"]

1. e4 c5 2. e5 Nc6 3. Nf3 d6 4. Bb5 Bd7 5. exd6 a6 6. dxe7 Bxe7 7. Bxc6 Bxc6 8.
Qe2 Nf6 9. d3 O-O 10. O-O Re8 11. Qd1 Qc7 12. g3 Bd6 13. Na3 b5 14. c4 Qb7 15.
Nh4 Be5 16. Qb3 Qd7 17. f3 Bd4+ 18. Kg2 Re2+ 19. Kh1 Qh3 0-1

[Event "AUTO-INT-1427"]
[Site "http://www.queenalice.com/game.php?id=730089"]
[Date "2010.2.11"]
[Round "2"]
[White "Svolo"]
[Black "whizkid14"]
[Result "0-1"]
[WhiteElo "1845"]
[BlackElo "2194"]

1. e4 e6 2. a3 d5 3. e5 c5 4. c3 Nc6 5. Bb5 Qb6 6. Qe2 Bd7 7. Bxc6 Bxc6 8. f3
Ne7 9. Qf2 Ng6 10. Ne2 Nxe5 11. O-O Nd3 12. Qg3 Nxc1 13. Rxc1 Qxb2 14. d3 Qxa1
15. Nd2 Qxa3 16. Nb1 Qa5 17. Qe1 Bd6 18. g3 b5 19. Nd2 Qb6 20. Kf1 a5 21. Rb1 a4
22. c4 b4 23. Qd1 O-O 24. f4 Rfd8 25. Nc3 a3 26. Na2 Be7 27. h4 dxc4 28. Nxc4
Qb7 29. Kf2 Be4 30. Rb3 Bh1 31. Ke1 Qg2 32. Ne3 Qxg3+ 33. Kd2 Bf3 34. Qe1 Qh2+
35. Kc1 Rxd3 36. Rxd3 Qb2# 0-1

[Event "AUTO-INT-1427"]
[Site "http://www.queenalice.com/game.php?id=730090"]
[Date "2010.2.11"]
[Round "2"]
[White "whizkid14"]
[Black "Svolo"]
[Result "1-0"]
[WhiteElo "2192"]
[BlackElo "1847"]

1. e4 e6 2. d4 b6 3. Nf3 Bb7 4. Bd3 Ba6 5. c4 d5 6. cxd5 Bxd3 7. Qxd3 Bb4+ 8.
Nc3 exd5 9. Qb5+ c6 10. Qxb4 a5 11. Qb3 a4 12. Nxa4 b5 13. Nc5 Nf6 14. Bg5 h6
15. Bh4 Qa5+ 16. Kf1 Nxe4 17. Nxe4 dxe4 18. Qe3 f5 19. Qb3 Kd7 20. Qf7+ Kc8 21.
Qxg7 exf3 22. Qxh8+ Kb7 23. Qxh6 b4 24. Qg7+ Ka6 25. gxf3 Ra7 26. Qg3 Qd5 27.
Qxb8 Rb7 28. Qc8 Ka7 29. Rg1 Qc4+ 30. Kg2 Rg7+ 31. Kh1 Rb7 32. Qxf5 Qxd4 33.
Qa5+ 1-0

[Event "AUTO-INT-1427"]
[Site "http://www.queenalice.com/game.php?id=730091"]
[Date "2010.2.11"]
[Round "2"]
[White "Svolo"]
[Black "carlitomontana93270"]
[Result "1-0"]
[WhiteElo "1820"]
[BlackElo "1681"]

1. e4 g6 2. e5 Bg7 3. d4 e6 4. b3 d6 5. Nf3 Nc6 6. Bb5 Bd7 7. exd6 cxd6 8. Ba3
Nf6 9. Bxd6 Bf8 10. Bxf8 Kxf8 11. O-O Kg7 12. Bxc6 Bxc6 13. Ne5 Qb6 14. c3 Rad8
15. Nc4 Qc7 16. Ne5 Rhe8 17. h3 Nd7 18. Nxc6 Qxc6 19. c4 Nf6 20. Nc3 Rd7 21. Ne2
Red8 22. Qc2 b5 23. c5 e5 24. dxe5 Rd2 25. exf6+ Qxf6 26. Qc3 Qxc3 27. Nxc3 a6
28. Rfd1 Rxd1+ 29. Nxd1 Rd2 30. Rc1 Rd7 31. c6 Rc7 32. Ne3 Rc8 33. c7 1-0

[Event "AUTO-INT-1427"]
[Site "http://www.queenalice.com/game.php?id=730092"]
[Date "2010.2.11"]
[Round "2"]
[White "carlitomontana93270"]
[Black "Svolo"]
[Result "0-1"]
[WhiteElo "1654"]
[BlackElo "1843"]

1. c4 e5 2. b3 Nc6 3. Bb2 d6 4. e3 h5 5. d4 e4 6. d5 Nce7 7. Nc3 Nf6 8. Qc2 Bf5
9. g3 Bg4 10. Bg2 Bf3 11. Nxf3 exf3 12. Bxf3 Ng4 13. O-O-O Ng6 14. Rd4 Be7 15.
Bxg4 hxg4 16. Rxg4 Qd7 17. h3 O-O-O 18. Nb5 Bf6 19. Rd1 Ne5 20. Bxe5 Bxe5 21.
Nxa7+ Kb8 22. Re4 Kxa7 23. f4 Bf6 24. h4 Rde8 25. Rxe8 Rxe8 26. e4 g6 27. Qd2
Rxe4 28. Re1 Qe7 29. Qa5+ Kb8 30. Kd1 Re3 31. Rxe3 Qxe3 32. Qe1 Qxe1+ 33. Kxe1
Bd4 34. Kd1 Bf2 35. Ke2 Bxg3 36. Kf3 Bxh4 37. Kg4 Bd8 38. f5 gxf5+ 39. Kxf5 Kc8
40. a3 Kd7 41. a4 Bh4 42. b4 f6 43. Kg4 Bg5 44. Kf5 c6 45. dxc6+ Kxc6 46. Ke6 b6
47. Kf5 b5 48. cxb5+ Kb6 49. Ke4 Bd2 50. a5+ Kxb5 51. Kd5 Bxb4 52. Ke6 Kxa5 53.
Kxf6 Kb5 54. Ke6 Kc6 55. Kf5 d5 56. Kf4 Kc5 57. Ke3 Kc4 58. Ke2 Kc3 59. Kd1 d4
60. Ke2 d3+ 61. Kd1 d2 0-1

[Event "QA-ANNIV-05"]
[Site "http://www.queenalice.com/game.php?id=758920"]
[Date "2010.4.10"]
[Round "4"]
[White "PawnOne"]
[Black "Svolo"]
[Result "1-0"]
[WhiteElo "2000"]
[BlackElo "1851"]

1. e4 e5 2. Nf3 d6 3. d4 exd4 4. Qxd4 Nc6 5. Bb5 Bd7 6. Bxc6 Bxc6 7. Nc3 Nf6 8.
Bg5 h6 9. Bh4 g5 10. Bg3 Bg7 11. O-O O-O 12. Qd3 a5 13. Rfe1 Ng4 14. h3 Ne5 15.
Nxe5 Bxe5 16. Bxe5 dxe5 17. Qc4 b5 18. Qxc6 b4 19. Nd5 Qd6 20. Rad1 Kh8 21. Qxd6
cxd6 22. c3 Rab8 23. cxb4 a4 24. Rc1 Kg7 25. Rc6 Rfd8 26. Ra6 Ra8 27. Rxa8 Rxa8
28. a3 Rb8 29. f3 h5 30. Rd1 f6 31. Nc3 Rb6 32. Nxa4 Rc6 33. Nc3 Kf7 34. b5 Rb6
35. a4 Ke7 36. Nd5+ 1-0

[Event "QA-ANNIV-05"]
[Site "http://www.queenalice.com/game.php?id=793678"]
[Date "2010.6.23"]
[Round "5"]
[White "Svolo"]
[Black "Landoaldojr"]
[Result "0-1"]
[WhiteElo "1850"]
[BlackElo "1679"]

1. e4 e5 2. a3 Bd6 3. Bc4 Nf6 4. d3 O-O 5. Bg5 Be7 6. b4 c6 7. Nf3 d5 8. exd5
Nxd5 9. Bxe7 Qxe7 10. O-O Bg4 11. Re1 f6 12. Nc3 Kh8 13. Nxd5 cxd5 14. Bxd5 Nc6
15. Bxc6 bxc6 16. h3 Bh5 17. g4 Bf7 18. Nh4 g6 19. Qd2 g5 20. Nf5 Qd8 21. Qc3
Qd5 22. Ne7 Qd6 23. Nxc6 Rfc8 24. b5 Bd5 25. Qb4 Qxb4 26. Nxb4 Bf7 27. c4 Rd8
28. f3 Bg6 29. Re3 h6 30. Rd1 Rd6 31. Nc6 Rd7 32. a4 a5 33. bxa6 Rd6 34. Ne7 Kg7
35. Nf5+ Bxf5 36. gxf5 Raxa6 37. Re4 Rxa4 38. c5 Rdd4 39. Rxd4 Rxd4 40. c6 Rd8
41. Ra1 Rc8 42. Ra7+ Kg8 43. c7 Kf7 44. Kf2 Ke7 45. Ke3 Kd7 46. Ke4 Rxc7 47.
Rxc7+ Kxc7 48. d4 exd4 49. Kxd4 Kd6 50. Ke4 Ke7 51. f4 Kf7 52. fxg5 hxg5 0-1

[Event "Challenge"]
[Site "http://www.queenalice.com/game.php?id=826204"]
[Date "2010.9.1"]
[Round "-"]
[White "Racey"]
[Black "Svolo"]
[Result "1/2-1/2"]
[WhiteElo "1420"]
[BlackElo "1827"]

1. e4 e5 2. Nf3 d6 3. h4 Bg4 4. a4 a6 5. c4 Nc6 6. Qb3 Na5 7. Qb5+ axb5 8. cxb5
Bxf3 9. gxf3 Nb3 10. Ra3 Nd4 11. Bg2 Nc2+ 12. Kd1 Nxa3 13. Nxa3 d5 14. b3 dxe4
15. fxe4 Bxa3 16. Bxa3 Qd3 17. Rh3 Qd4 18. h5 Rd8 19. Bc1 Qxf2 20. Bf3 Qf1+ 21.
Kc2 Qxh3 22. Be2 Nf6 23. d3 Nxh5 24. b4 Nf4 25. Kd2 Qh2 26. Kc3 Nxe2+ 27. Kd2
Nxc1+ 28. Kxc1 1/2-1/2